MARC

LEADER 00000nam0a2200000 4500
001 289796
005 20231102000224.0
020 |a RU  |b 83-87924 
035 |a (RuTPU)RU\TPU\book\314312 
090 |a 289796 
100 |a 20150402d1983 k y0rusy5003 ca 
101 0 |a rus 
102 |a RU 
105 |a y z 001zy 
200 1 |a Теория функций комплексного переменного и краевые задачи  |e межвузовский сборник  |f Чувашский государственный университет (ЧГУ) 
210 |a Чебоксары  |c Изд-во ЧГУ  |d 1983 
215 |a 179 с.  |d 20 см 
320 |a Библиография в конце статей 
606 1 |a Функции комплексного переменного  |2 stltpush  |3 (RuTPU)RU\TPU\subj\17059  |9 42902 
610 1 |a краевые задачи 
610 1 |a приложения 
610 1 |a сингулярные интегралы 
610 1 |a приближенные вычисления 
610 1 |a сингулярные интегральные уравнения 
610 1 |a дифференцируемость 
610 1 |a задача Римана 
610 1 |a разрешимость 
610 1 |a краевая задача Римана 
675 |a 517.53  |z rus  |v 4 
712 0 2 |a Чувашский государственный университет (ЧГУ)  |c (Чебоксары)  |2 stltpush  |3 (RuTPU)RU\TPU\col\299 
801 0 |a RU  |b RuMRKP  |c 19950704  |g psbo 
801 1 |a RU  |b 63413507  |c 20150402 
801 2 |a RU  |b 63413507  |c 20170710  |g RCR 
942 |c BK